| 000 | 00425nam a2200145Ia 4500 | ||
|---|---|---|---|
| 008 | 170224s9999 xx 000 0 und d | ||
| 100 | _aLin Mei Tan | ||
| 245 | _aAcademic Performance in Introductory Accounting: Do Learning Styles Matter? | ||
| 245 | _cLin Mei Tan & Fawzi Laswad | ||
| 260 | _bAccounting Education | ||
| 260 | _c2015 | ||
| 300 | _a24:5, Pages: 383-402 | ||
| 650 | _xAccountancy | ||
| 650 | _xAccounting | ||
| 999 |
_c316144 _d316144 |
||